000
00276nam a22001337a 4500
003
SGT
020
_a
9788186685600
082
_a
920
_b
E03N
100
_a
NASHVILLE
245
_a
ENCOUNTER THE ENLIGHTENED
260
_b
WISDOM TREE
_c
2003
300
_a
289
942
_2
ddc
_c
BK
999
_c
32033
_d
32033